|
|
|
|
| LEADER |
00000nam a22000007a 4500 |
| 005 |
2021081008068.0 |
| 007 |
cr|||| |||| |
| 008 |
210810s2015 ca |||||s|||| 00||0 eng d |
| 020 |
|
|
|a 9781552213810
|
| 035 |
|
|
|a 34928
|
| 040 |
|
|
|a vLex
|
| 090 |
|
|
|c 11952
|d 11952
|
| 100 |
1 |
|
|a Hollander, John
|
| 245 |
1 |
0 |
|a Examinations in Civil Trials
|h [Recurso electrn̤ico] :
|b The Formula for Success /
|c John Hollander
|
| 256 |
|
|
|a Servicio en ln̕ea
|
| 260 |
|
|
|a Toronto:
|b Irwin Law Inc.,
|c 2015
|
| 300 |
|
|
|a 1 recurso electrn̤ico
|
| 500 |
|
|
|a The rough and tumble of examinations — direct, cross, redirect — is the heart of this handbook, which offers up a wealth of practical techniques and advice for the novice litigator. For more experienced counsel, it can offer alternatives to practices developed over years. Maintaining a plainspoken style throughout, Examinations in Civil Trials presents a sophisticated and comprehensive approach to conducting examinations in court, and before administrative tribunals. Nearly every section wraps up with a case study — a fact situation drawn from the courtroom that sets up an exercise — and a “solution” clearly showing how an advocate might tackle the exercise with aplomb.
|
| 506 |
1 |
|
|a Disponible solo en los productos indicados
|d vLex Global
|d vLex Global (Academic Edition, excluding Law Schools)
|d vLex Global (U.S. Academic Edition, Law Schools)
|d vLex Global (U.S. Academic Edition, excluding Law Schools)
|d vLex Global (Academic Edition, Law Schools)
|
| 650 |
0 |
4 |
|a Procedimiento Civil
|z Canad̀
|
| 740 |
0 |
|
|a vLex Libros (Servicio en ln̕ea)
|
| 856 |
4 |
0 |
|u https://app.vlex.com/#/sources/34928
|z Acceso restringido
|
| 942 |
|
|
|c BOOK
|
| 999 |
0 |
|
|a Civil Procedure
|